| 000 | 02355cam0 2200445 ib4500 | ||
|---|---|---|---|
| 001 | BY-MI0021-br788287 | ||
| 005 | 20250711105644.0 | ||
| 010 |
^a978-5-9951-5623-9 ^bв переплете |
||
| 100 | ^a20250425d2023 c y0rusy50 ca | ||
| 101 | 0 | ^arus | |
| 102 | ^aRU | ||
| 105 | ^aa z 000oy | ||
| 109 | ^ama | ||
| 200 | 1 |
^aАленький цветочек ^e[сказки ^eдля младшего школьного возраста ^fС. Т. Аксаков, В. А. Жуковский] ^gхудожник Е. Лопатина |
|
| 210 |
^aМосква ^cСтрекоза ^d2023 |
||
| 215 |
^a59, [5] с. ^cцв. ил. ^d22 см |
||
| 225 | 1 | ^aБиблиотека школьника | |
| 327 | 1 | ^aСодержание : сказки : Аленький цветочек / С. Аксаков ; Три пояса / В. Жуковский | |
| 333 | ^a6+ | ||
| 345 | ^a3000 экз. | ||
| 464 | 1 |
^12001 ^aАленький цветочек ^1700 1 ^aАксаков ^bС. Т. ^gСергей Тимофеевич |
|
| 464 | 1 |
^12001 ^aТри пояса ^1700 1 ^aЖуковский ^bВ. А. ^gВасилий Андреевич |
|
| 606 |
^aХУДОЖЕСТВЕННАЯ ЛИТЕРАТУРА ^3BY-NLB-ar37179 ^2DVNLB |
||
| 606 |
^aРУССКАЯ ЛИТЕРАТУРА ^3BY-NLB-ar28702 ^2DVNLB |
||
| 606 |
^aСКАЗКИ ^3BY-NLB-ar2690406 ^2DVNLB |
||
| 608 |
^aДЕТСКАЯ И ЮНОШЕСКАЯ ЛИТЕРАТУРА (художеств. произведение) ^3BY-NLB-ar9019 ^2BYGNR |
||
| 608 |
^aЛИТЕРАТУРНАЯ СКАЗКА ^3BY-NLB-ar16440 ^2BYGNR |
||
| 686 |
^a84(2=411.2)5 ^2rubbk |
||
| 690 |
^a1 ^2Base ^9BY-MI0021 ^xRSEK |
||
| 701 | 1 |
^aАксаков ^bС. Т. ^gСергей Тимофеевич ^cписатель ^f1791—1859 ^3BY-NLB-ar96297 |
|
| 701 | 1 |
^aЖуковский ^bВ. А. ^gВасилий Андреевич ^cпоэт ^f1783—1852 ^3BY-NLB-ar127012 |
|
| 702 | 1 |
^aЛопатина ^bЕ. ^3BY-SEK-362709 ^4440 |
|
| 801 | 0 |
^aBY ^bBY-MI0021 ^c20250425 ^gRCR |
|
| 035 | ^a(BY-MI0021)BY-MI0021-br788287 | ||
| 899 | 0 |
^aBY-MI0021 ^iА48 ^h84(2=411.2)5 |
|